| 000 | 01024cam a2200301 a 4500 | ||
|---|---|---|---|
| 008 | |||
| 020 | _a9781416032243 (hbk.) | ||
| 049 | _aMAIN | ||
| 090 |
_aRC271.R3 _bPET |
||
| 245 | 0 | 0 |
_aPET-CT in radiotherapy treatment planning / _cedited by Arnold C. Paulino ; associate editor, Bin S. Teh. |
| 260 |
_aPhiladelphia : _bSaunders/Elsevier, _cc2008. |
||
| 300 |
_ax, 259 p. : _bill. (chiefly col.) ; _c27 cm. |
||
| 500 | _aIncludes index. | ||
| 504 | _aIncludes bibliographical references. | ||
| 650 | 0 |
_aCancer _xRadiotherapy _xPlanning. |
|
| 650 | 0 |
_aCancer _xTomography. |
|
| 650 | 1 | 2 |
_aNeoplasms _xradiotherapy. |
| 650 | 1 | 2 |
_aTomography, Emission-Computed _xmethods. |
| 650 | 2 | 2 |
_aNeoplasms _xradionuclide imaging. |
| 650 | 2 | 2 | _aRadiotherapy Planning, Computer-Assisted. |
| 700 | 1 | _aPaulino, Arnold C. | |
| 700 | 1 | _aTeh, Bin S. | |
| 907 |
_a.b1038473x _b16-02-18 _c28-09-17 |
||
| 003 | |||
| 005 | 20230120204224.0 | ||
| 040 | _cNUST | ||
| 942 |
_cBOOKS _kRC271.R3 _mPET |
||
| 999 |
_c119348 _d119348 |
||